Statistics for All Cities in the Charlotte Metropolitan Area

Click here to take the quiz!

General Stats

  • This quiz has been taken 12 times
  • The average score is 7 of 74

Answer Stats

1st LetterPopulationAnswer% Correct
C874,579Charlotte
89%
C96,341Concord
78%
G77,273Gastonia
78%
H58,098Huntersville
56%
K50,841Kannapolis
56%
R74,372Rock Hill
44%
D13,054Davidson
33%
M50,193Mooresville
33%
F22,284Fort Mill
22%
I39,997Indian Trail
22%
K10,982Kings Mountain
22%
M33,138Matthews
22%
M27,617Mint Hill
22%
M35,540Monroe
22%
S27,528Statesville
22%
C5,377Chester
11%
C6,519Clover
11%
C30,257Cornelius
11%
L9,119Lancaster
11%
L11,200Lincolnton
11%
P9,028Pineville
11%
S35,580Salisbury
11%
T11,335Tega Cay
11%
W17,147Waxhaw
11%
W9,295Wesley Chapel
11%
Y8,412York
11%
B12,558Belmont
0%
B5,577Bessemer City
0%
C6,072Cherryville
0%
C4,220China Grove
0%
C872Cleveland
0%
C4,458Cramerton
0%
D4,797Dallas
0%
E1,551East Spencer
0%
F3,900Fairview
0%
F806Faith
0%
F890Fort Lawn
0%
G3,012Granite Quarry
0%
G1,877Great Falls
0%
H595Harmony
0%
H16,576Harrisburg
0%
H742Heath Springs
0%
H1,809Hemby Bridge
0%
H551Hickory Grove
0%
H748High Shoals
0%
K39,997Kershaw
0%
L3,909Lake Park
0%
L3,138Landis
0%
L3,238Locust
0%
L112Love Valley
0%
L3,716Lowell
0%
L193Lowrys
0%
M3,443Maiden
0%
M2,787Marshville
0%
M6,792Marvin
0%
M673McAdenville
0%
M315McConnells
0%
M3,805Midland
0%
M3,111Mineral Springs
0%
M17,703Mount Holly
0%
M2,222Mount Pleasant
0%
R3,668Ranlo
0%
R260Richburg
0%
R2,159Rockwell
0%
S625Sharon
0%
S53Smyrna
0%
S3,257Spencer
0%
S36Spencer Mountain
0%
S16,145Stallings
0%
S3,762Stanley
0%
T2,769Troutman
0%
U7,195Unionville
0%
W11,182Weddington
0%
W4,594Wingate
0%

Score Distribution

Percentile by Number Answered

Percent of People with Each Score

Your Score History

You have not taken this quiz